| Record ID | ia:wandasfirstday0000sper |
| Source | Internet Archive |
| Download MARC XML | https://archive.org/download/wandasfirstday0000sper/wandasfirstday0000sper_marc.xml |
| Download MARC binary | https://www.archive.org/download/wandasfirstday0000sper/wandasfirstday0000sper_meta.mrc |
LEADER: 02950cam 2200613Ia 4500
001 ocm55661030
003 OCoLC
005 20190530043030.0
008 040616s2004 nyua j 000 1 eng d
010 $a 2004303145
040 $aOCO$beng$cOCO$dMUS$dOCLCQ$dOCL$dBAKER$dXY4$dBTCTA$dXY4$dDLC$dYDXCP$dBDX$dOCLCF$dOCLCO$dOCLCQ$dFEM$dTXNVM$dOCLCQ$dVBO$dO2C$dOR9$dM@S$dOCLCO$dNTG
019 $a670386207$a966153929$a968019486
020 $a0439627737
020 $a9780439627733
020 $a0439678536$q(pbk.)
020 $a9780439678537$q(pbk.)
020 $a9780439679077
020 $a0439679079
035 $a(OCoLC)55661030$z(OCoLC)670386207$z(OCoLC)966153929$z(OCoLC)968019486
037 $bScholastic, C/O Harpercollins Attn: Order Processing 1000 Keystone Industrial Park, Scranton, PA, USA, 18512$nSAN 200-2086
050 4 $aPZ7.S748985$bWa 2004
082 04 $a813
100 1 $aSperring, Mark.
245 10 $aWanda's first day /$cby Mark Sperring ; illustrated by Kate & Liz Pope.
260 $aNew York :$bScholastic Inc.,$c2004.
300 $a1 volume (unpaged) :$bcolor illustrations ;$c26 cm
336 $atext$btxt$2rdacontent
337 $aunmediated$bn$2rdamedia
338 $avolume$bnc$2rdacarrier
520 $aWanda is a friendly young witch who is off to her first day at school. But when she arrives, she notices that something isn't quite right. All her classmates have wands instead of broomsticks. And everyone has wings--except for Wanda. Soon Wanda realizes that there's been a mistake: She has ended up in a school for fairies! What's a witch to do? But with the help of a kind teacher and a few surprise magic tricks, Wanda is soon making friends. By the end of the day, Wanda has learned an important lesson: Even if we don't always fit in right away, there are always friends to be found!
526 0 $aAccelerated Reader AR$bLG$c3.1$d0.5$z84852.
650 0 $aWitches$vJuvenile fiction.
650 1 $aWitches$vFiction.
650 7 $aWitches.$2fast$0(OCoLC)fst01176346
650 7 $aWitches$vFiction.$2sears
650 7 $aFirst day of school$vFiction.$2sears
650 7 $aIndividuality$vFiction.$2sears
655 7 $aFiction.$2fast$0(OCoLC)fst01423787
655 7 $aJuvenile works.$2fast$0(OCoLC)fst01411637
655 7 $aFiction.$2lcgft
655 4 $aPicture books collection.
655 4 $aLife issues collection.
700 1 $aPope, Kate.
700 1 $aPope, Liz,$eauthor.
856 42 $3Publisher description$uhttp://catdir.loc.gov/catdir/description/schol051/2004303145.html
938 $aBaker & Taylor$bBKTY$c15.95$d15.95$i0439627737$n0004377151$sactive
938 $aBrodart$bBROD$n01473573$c$15.95
938 $aBaker and Taylor$bBTCP$nbl2004105135
938 $aYBP Library Services$bYANK$n2140710
029 1 $aAU@$b000041636532
029 1 $aNZ1$b10351032
029 1 $aNZ1$b14654498
994 $aZ0$bP4A
948 $hNO HOLDINGS IN P4A - 548 OTHER HOLDINGS